Statistics for Programming Languages by Paradigm

Click here to take the quiz!

General Stats

  • This quiz has been taken 62 times
  • The average score is 17 of 38

Answer Stats

ImperativeOOFunctionalProceduralGenericReflectiveEvent-DrivenLanguage% Correct
X..XX..C
96%
XXXXXXXJava
92%
XXXX.XXJavaScript
83%
XXXXXXXPython
83%
XXXX.X.R
83%
XXX..X.Ruby
74%
X..X.XXGo
64%
XXXXXXXCpp (C++)
58%
XXXXX..Fortran
57%
XX.X.X.Objective-C
57%
X..X...BASIC
55%
XXXXX..C-Sharp (C#)
55%
X..X...Pascal
53%
XXXXXX.Perl
53%
XXXXXXXSwift
53%
..X.X..Haskell
51%
XXXX.X.PHP
49%
XX..X.XVisual Basic
47%
XXXXXXXCommon Lisp
45%
XX.X...COBOL
43%
XX.X...MATLAB
42%
XXXXX.XRust
42%
XXXXXXXKotlin
40%
X......Assembly
36%
XXXX.X.Lua
36%
XXX.XXXScala
36%
XX.XX..Ada
32%
X..X...Bash
25%
XXXXXXXF-Sharp (F#)
23%
XXX....Dart
19%
..X...XErlang
19%
..XX.X.Prolog
17%
..X....Clojure
15%
..X...XElixir
11%
XXXX.X.PowerShell
6%
XXX...XActionScript
4%
XXXXXX.Julia
4%
..X....Elm
2%

Score Distribution

Percentile by Number Answered

Percent of People with Each Score

Your Score History

You have not taken this quiz